000 01924cam a22005774i 4500
003 PE-LiUPU
005 20250731170430.0
008 150623s1988 caua r 000 0 eng d
020 _a0874848393
035 _a(Sirsi) i9780874848397
040 _aPE-LiUPU
_bspa
_cPE-LiUPU
_erda
049 _aPRUA
082 0 4 _a109
_bP19
_221
100 1 _aPalmer, Donald,
_eautor.
245 1 0 _aLooking at philosophy :
_bthe unbearable heaviness of philosophy made lighter /
_cDonald Palmer.
264 1 _aMountain View, California :
_bMayfield Publishing Company,
_c1988.
300 _a401 páginas :
_bilustraciones ;
_c23 centímetros
336 _atext
_2rdacontent
337 _aunmediated
_2rdamedia
338 _avolume
_2rdacarrier
500 _aGlosario (A-T).
505 0 _aThe pre-socratic philosophers -- The athenian period -- The hellenistic period -- Medieval philosophy -- The 17 th and 18 th centuries -- The 19 th century -- The 20 th century.
526 _aSEG68
526 _aSEG70
526 _aSEG69
526 _aSEG67
526 _aSEG43
526 _aP144
526 _aP143
526 _aP131
526 _aP122
526 _aP120
526 _aP117
526 _aP112
526 _aP110
526 _aP106
526 _aP101
526 _aP80
526 _aP59
526 _aP54
526 _aP35
526 _aP33
526 _aP30
650 0 4 _aFilosofía
_xHistoria
_vObra de divulgación.
942 _2ddc
_cBOOK
949 _a109 P19
_wDEWEY
_c1
_i51227
_lCCODEBUL1
_mBUL
_p12.00
_r0
_sY
_tBOOK
_u2015-6-24
_xTEOLOGIA
_PP35
_0COMPRA
_o.STAFF. Colección General
994 _aC0
_bPEPRU
596 _a1
999 _a109 P19
_wDEWEY
_c32934
_i51227
_e2017-4-18
_f2021-11-4
_g5
_lCCODEBUL1
_mBUL
_n1
_p12.00
_r0
_sY
_tBOOK
_u2015-6-24
_xBIBLIOTECA
_PP35
_0COMPRA
_o.STAFF. Colección Teología
_d32934
980 _81
_gALBERTO SANCHEZ Responsable de Automatización